00910nam a2200193 u 450000100100000000500170001000800410002704000250006808200140009310000350010724500850014224600520022726000390027930000210031895201270033995201150046695201180058199900170069900002034420200929170357.0100813s201u dr 000 0 spa d aDO-SdBNPbspacBNPHU axxxbxxxx1 aNúñez, Juan Alberto94299410aHistoria real del niño que nunca habia tocado piano /cJuan Alberto Núñez. aJosué Kennedy Núñez :bun niño prodigio aSanto Domingo :bPrimium,c[201?]. a158 p. ;c25 cm. 001052708DSaGRbGRcHDd2017-05-10iLF1l0oxxx xxxxp20344-30r2020-06-25te. 3w2020-06-25yLFDSZPréstamo interno 0010718PDaPDbPDcHDd2017-05-10iLF1l0oxxx xxxxp20344-10r2020-06-25tew2020-06-25yLFPDZNo se presta 0010718PDaPDbPDcHDd2017-05-10iLF1l0oxxx xxxxp20344-20r2020-06-25te. 2w2020-06-25yLFPDZNo se presta c19848d19848